| 000 | 00891nam a2200337Ia 4500 | ||
|---|---|---|---|
| 001 | 12556 | ||
| 005 | 20240113235403.0 | ||
| 007 | ta | ||
| 008 | 051021s1989 a g b000 u asm u | ||
| 040 | _aCotton College,Assam | ||
| 041 | _aasm | ||
| 082 |
_a491.4103 _bSh 11 As |
||
| 100 | _aSarma, Sarat Chandra . | ||
| 245 | 0 |
_aAsamiya Bhasar Era-Botala / _cSarat Chandra Sarma. _hTextual Documents |
|
| 250 | _a1st ed. / | ||
| 260 |
_aGuwahati : _bDevjyoti Bezbarua , _c1989. |
||
| 300 |
_a254p. : _bill. ; _c25cm . |
||
| 653 | _aAssamese Dictionary | ||
| 653 | _aDictionary-Assamese | ||
| 653 | _aG-Assamese | ||
| 653 | _aAssamese Language-Dictionary | ||
| 653 | _aT/G-Assamese | ||
| 653 | _aRef Section-Assamese | ||
| 942 |
_2ddc _cBK |
||
| 999 |
_c12542 _d12542 |
||